[Event "Wiesbaden op 24th"]
[Site "Wiesbaden"]
[Date "2012.08.25"]
[Round "5"]
[White "Goloborodko, Dimitri"]
[Black "Nagel, Erwin"]
[Result "1-0"]
[WhiteElo "2124"]
[BlackElo "1957"]
[PlyCount "111"]
[EventDate "2012.08.23"]
[EventType "swiss"]
[EventRounds "7"]
[EventCountry "GER"]
[SourceTitle "CBM 150 Extra"]
[Source "ChessBase"]
[SourceDate "2012.10.19"]
[SourceVersion "1"]
[SourceVersionDate "2012.10.19"]
[SourceQuality "1"]

1. d4 Nf6 2. c4 e6 3. Nc3 b6 4. Nf3 Bb7 5. Bg5 Be7 6. e3 d6 7. Bd3 c5 8. 0-0 cxd4 9. exd4 Nbd7 10. Re1 0-0 11. Bf4 a6 12. a4 Re8 13. Nd2 e5 14. Be3 exd4 15. Bxd4 Nc5 16. Bf5 Bc8 17. Qc2 Bxf5 18. Qxf5 Ne6 19. Be3 Rb8 20. Rad1 Qc8 21. Nd5 Nxd5 22. Qxd5 Nc5 23. b3 Bf8 24. Bf4 Qd7 25. h3 Rbc8 26. Re3 Ne6 27. Bg3 Nc5 28. Ne4 Rxe4 29. Rxe4 Nxe4 30. Qxe4 a5 31. Qd4 Rc6 32. Qe4 g6 33. f3 Rc8 34. Bf2 Rc6 35. Rd5 Be7 36. Rb5 Qc7 37. Bd4 f6 38. h4 Kg7 39. h5 Rc5 40. Bxc5 dxc5 41. b4 axb4 42. a5 Qd6 43. h6+ Kxh6 44. Rxb6 Qd1+ 45. Kf2 Qd2+ 46. Qe2 Qd8 47. Re6 Bf8 48. a6 g5 49. a7 Qd4+ 50. Qe3 Qa1 51. Rxf6+ Qxf6 52. a8Q Qb2+ 53. Kf1 Qb1+ 54. Qe1 Qd3+ 55. Qe2 Qb1+ 56. Kf2 1-0